Degenerate systems in generalized mechanics /

Guardado en:
Autor Principal: Musicki, Ðorðe.
Formato: Libro
Idioma:English
Publicado: Beograd : Matematicki Institut, 1992.
Series:Posebna izdanja Matematickog institut ; knj. 15.
Materias:
Etiquetas: Agregar Etiqueta
Sin Etiquetas, Sea el primero en etiquetar este registro!
LEADER 00926cam a2200277 a 4500
001 MAT.inmabb006144
008 990721s1992####yu#######b####001#0#eng#d
005 20170623145505.0
245 1 0 |a Degenerate systems in generalized mechanics /  |c Ðorðe Musicki. 
260 |a Beograd :  |b Matematicki Institut,  |c 1992. 
300 |a 28 p. ;  |c 24 cm. 
490 1 |a Pozebna izdanja ;  |v knj. 15 
546 |a Summary in French and Serbian. 
500 |a Cover title. 
504 |a Incluye referencias bibliográficas (p. 25-26) e índice. 
510 4 |a MR,  |c 94h:70016 
020 |a 8680593109 
100 1 |a Musicki, Ðorðe. 
830 0 |a Posebna izdanja Matematickog institut ;  |v knj. 15. 
650 0 |a Lagrangian functions. 
650 0 |a Hamiltonian systems. 
084 |a 70H99 (58F05 70F99 70G99 70H05 70H35)  |2 MR 
010 |a  99228847  
040 |a NjP  |c NjP  |d DLC 
041 0 |a eng  |b frescc 
859 |h 70  |i M987  |p A-6964  |b BIB. MATEMATICA